000 02142nkm0a22003971 4500
001 RU\NLR\INFOCOMM_10\5000065983
005 20250806204542.0
035 _a(NLR Aleph) 010755513
090 _a78805
_c78805
100 _a20150324d1943 u y0rusy50 ca
101 0 _arus
102 _aRU
116 _aiybxx xx zz
135 _acrcn 024apaba
200 1 _a[Открытое письмо с фронта]
_bИзоматериалы
_eвоинское
210 _aМосква
_cХуд. фонд СССР
_d[1943]
215 _cрис.
300 _aСлева рисунок синей краской: улыбающийся красноармеец с снятой шапкой в руке. Под ним надпись красным шрифтом: "С новым годом!" Лозунг: "Смерть немецким захватчикам!"
300 _aСправа факс. подписи художника: "Арк. Щербаков"
325 _aКопия доступна в Электрон. б-ке РНБ
606 1 0 _aБлокада Ленинграда
_z1941 - 1944
_2nlr_sh
_3RU\NLR\AUTH\661253360
801 1 _aRU
_binfocomm
_c20150324
801 0 _aRU
_bNLR
_gPSBO
830 _aДатировка: экземпляр с рукописной датой: "16 марта 1944 г.": https://goskatalog.ru/portal/#/collections?id=27228339 (17.12.2024). АЯ ОЭФ
852 _aNLR
_bЛ3-340
_j3/38
_pЛМ.331
856 0 _uhttp://vivaldi.nlr.ru/al000000033/view
856 1 _uhttp://vivaldi.nlr.ru/al000000033/cover
856 2 _uhttp://vivaldi.nlr.ru/al000000033/text
942 _cVISUAL
945 _aРоссийская национальная библиотека
980 _aBV
981 3 7 _a(37) Ленинград в Великой Отечественной войне
_b(37) Открытки блокадного Ленинграда
981 3 4 _a(34) Санкт-Петербург